| 000 | 00651nam a2200205Ia 4500 | ||
|---|---|---|---|
| 003 | GCL | ||
| 008 | 140319s9999 xx 000 0 ara d | ||
| 040 |
_aGCL / _cGCL |
||
| 082 | 0 | 4 |
_aق _b916.03 _bف د |
| 100 | 1 | _aفؤاد محمد شبل | |
| 245 | 1 | 0 |
_aدور مصر فى تكوين الحضارة / _cفؤاد محمد شبل |
| 260 |
_a[S.N] : _bالهيئة المصرية العامة للتأليف والنشر ، _c1971 |
||
| 300 | _a111 ص | ||
| 490 | _a | ||
| 650 | 0 | 4 | _aمصر القديمة |
| 650 | 0 | 4 | _aالحضارة الفرعونية |
| 650 | 0 | 4 | _aالدين |
| 650 | 0 | 4 | _aالحضارة الاغريقية |
| 942 |
_2ddc _cBK |
||
| 999 |
_c36447 _d36447 |
||